| 000 | 00453nam a2200109Ia 4500 | ||
|---|---|---|---|
| 008 | 171204s9999 xx 000 0 und d | ||
| 245 | _aMoral Leadership in Business: Towards a Business Culture of Integrity: | ||
| 245 | _cAndrew R. Thomas, Călin D. Lupiţu, Sebastian Văduva, and Victor T. Alistar | ||
| 260 | _c2016 | ||
| 650 | _xASSURANCE PRINCIPLES, PROFESSIONAL ETHICS AND GOOD GOVERNANCE | ||
| 856 | _uhttp://down.ebook777.com/037/9783319428802.pdf | ||
| 999 |
_c345636 _d345636 |
||